Defenders of Pakistan / (Record no. 615152)

000 -LEADER
fixed length control field 01003nam a2200313 a 4500
001 - CONTROL NUMBER
control field 1033495
005 - DATE AND TIME OF LATEST TRANSACTION
control field 20251009182522.0
008 - FIXED-LENGTH DATA ELEMENTS--GENERAL INFORMATION
fixed length control field 910314s1988 pk ab 000 0 eng
010 ## - LIBRARY OF CONGRESS CONTROL NUMBER
LC control number 88930975
020 ## - INTERNATIONAL STANDARD BOOK NUMBER
International Standard Book Number 9690010026
020 ## - INTERNATIONAL STANDARD BOOK NUMBER
International Standard Book Number 9789690010025
035 ## - SYSTEM CONTROL NUMBER
System control number 1033495
040 ## - CATALOGING SOURCE
Original cataloging agency DLC
Transcribing agency DLC
043 ## - GEOGRAPHIC AREA CODE
Geographic area code a-pk---
050 00 - LIBRARY OF CONGRESS CALL NUMBER
Classification number UA853.P3
Item number T48 1988
082 00 - DEWEY DECIMAL CLASSIFICATION NUMBER
Classification number 355.00954,AMI
Edition number 20
100 1# - MAIN ENTRY--PERSONAL NAME
Personal name Tetley, Brian.
9 (RLIN) 35640
245 10 - TITLE STATEMENT
Title Defenders of Pakistan /
Statement of responsibility, etc. [photography by] Mohamed Amin, Masud Quraishy, Duncan Willetts ; [text by] Brian Tetley.
260 ## - PUBLICATION, DISTRIBUTION, ETC.
Place of publication, distribution, etc. Lahore, Pakistan :
Name of publisher, distributor, etc. Ferozsons,
Date of publication, distribution, etc. 1988.
300 ## - PHYSICAL DESCRIPTION
Extent 198 p. :
Other physical details col. ill., col. map ;
Dimensions 33 cm.
336 ## - CONTENT TYPE
Content type term text
Content type code txt
Source rdacontent
337 ## - MEDIA TYPE
Media type term unmediated
Media type code n
Source rdamedia
338 ## - CARRIER TYPE
Carrier type term volume
Carrier type code nc
Source rdacarrier
651 #0 - SUBJECT ADDED ENTRY--GEOGRAPHIC NAME
Geographic name Pakistan
General subdivision Armed Forces
-- Pictorial works.
9 (RLIN) 131093
700 1# - ADDED ENTRY--PERSONAL NAME
Personal name Amin, Mohamed,
Dates associated with a name 1943-
9 (RLIN) 5462
700 1# - ADDED ENTRY--PERSONAL NAME
Personal name Quraishy, Masud,
Dates associated with a name 1934-
9 (RLIN) 131094
700 1# - ADDED ENTRY--PERSONAL NAME
Personal name Willetts, Duncan.
9 (RLIN) 5463
942 ## - ADDED ENTRY ELEMENTS (KOHA)
Source of classification or shelving scheme
Koha item type Book
Holdings
Withdrawn status Lost status Source of classification or shelving scheme Damaged status Not for loan Permanent Location Current Location Shelving location Date acquired Full call number Barcode Date last seen Price effective from Koha item type Public note Total Checkouts
          Military College of Signals (MCS) Military College of Signals (MCS) General Stacks 10/09/2025 355.00954,AMI MCS21642 10/09/2025 10/09/2025 Book Almirah No.76, Shelf No.3  
          Military College of Signals (MCS) Military College of Signals (MCS) General Stacks 10/09/2025 355.00954,AMI MCS22341 10/09/2025 10/09/2025 Book Almirah No.76, Shelf No.3  
© 2023 Central Library, National University of Sciences and Technology. All Rights Reserved.